000 00523nam a2200217Ia 4500
008 230125s9999 xx 000 0 und d
020 _a978-93-5260-794-5
041 _aeng
082 _a150
_bFEL
100 _aFeldman R S
_9118030
245 _aUnderstanding Psychology
250 _a12th Ed.
260 _c2018
_bMcgraw-hill
_aChennai
300 _a612p
440 _v5
500 _aPsychology;
650 _aPsychology
_9106838
700 _aFeldman R S
_9118030
906 _b27
999 _c96007
_d96007